Statistics for Hilly Answers Quiz

Click here to take the quiz!

General Stats

  • This quiz has been taken 15,676 times
    (12,224 since last reset)
  • The average score is 10 of 22

Answer Stats

ClueAnswer% Correct
90210Beverly Hills
93%
Past one's primeOver the Hill
85%
Don't make a mountain of thisMole Hill
82%
Location of the U.S. CongressCapitol Hill
80%
London neighborhood and
Julia Roberts movie
Notting Hill
75%
Country singer. Tim McGraw is her husbandFaith Hill
59%
"Superbad" actorJonah Hill
56%
"I found my thrill on..."Blueberry Hill
51%
"Whites of their eyes" battleBunker Hill
44%
"King of the Hill" protagonistHank Hill
42%
Where Mount Rushmore can be foundBlack Hills
41%
A hill at the base of a mountain rangeFoothill
40%
Textbook companyMcGraw-Hill
37%
Clarence Thomas accuserAnita Hill
33%
Horror video game turned into a movieSilent Hill
32%
They were insane in the membraneCypress Hill
29%
Where Jesus was crucifiedCalvary Hill
28%
Duke basketball legendGrant Hill
25%
Vietnam War movieHamburger Hill
25%
Marty McFly's hometownHill Valley
23%
Central hill of Rome. Location of
Augustus's palace
Palatine Hill
13%
Where the Wright Brothers first flewKill Devil Hills
10%

Score Distribution

Percentile by Number Answered

Percent of People with Each Score

Your Score History

You have not taken this quiz since the last reset